Statystyki dla Coś co można zjeść na C

Kliknij tutaj aby rozwiązać quiz!

Ogólne statystyki

  • Ten quiz został rozwiązany 87 razy
  • Średni wynik to 5 z 10

Statystyki odpowiedzi

HintOdpowiedź% Poprawnych
2.Cebula
79%
1.Cytryna
78%
4.Czosnek
78%
3.Czekolada
69%
5.Ciasto
64%
9.Chipsy
54%
7.Cynamon
45%
6.Cukierki
40%
8.Chrupki
25%
10.Cukinie
7%

Rozkład punktacji

Percentyl według liczby udzielonych odpowiedzi

Procent ludzi z każdym wynikiem

Twoja historia wyników

Nie rozwiązałeś tego quizu